000 01084cam a2200277 a 4500
999 _c7395
_d7395
001 709732
003 OSt
005 20211026110739.0
008 970910s1998 maua b 001 0 eng
010 _a 97031778
020 _a0792380495 (acidfree paper)
040 _aDLC
_cDDC
_dDLC
050 0 0 _aTD145
_b.B9 1998
082 0 0 _a620BUN 1998
100 1 _aBungay, Henry R.;
_q(Henry Robert),
_d1928-
_915147
245 1 0 _aEnvironmental systems engineering.
_cEdited by Bungay,Henry R.;
260 _aBoston.
_bKluwer Academic Publishers,
_cc1998.
300 _axii,209p;
_bill;
_c24cm.
504 _aIncludes; bibliographical references and index.
650 0 _aEngineering
_9373
856 4 2 _3Publisher description
_uhttp://www.loc.gov/catdir/enhancements/fy0821/97031778-d.html
856 4 1 _3Table of contents only
_uhttp://www.loc.gov/catdir/enhancements/fy0821/97031778-t.html
906 _a7
_bcbc
_corignew
_d1
_eocip
_f19
_gy-gencatlg
942 _2ddc
_cO_SHELF